000 00722nam a2200229Ia 4500
003 OSt
005 20260415124147.0
008 210210b1972 xxu||||| |||| 00| 0 eng d
040 _cAL
041 _aKannada
082 _a581K CHIS
100 _aCHIKKANNAYYA (Patre)
_dಚಿಕ್ಕಣ್ಣಯ್ಯ (ಪತ್ರೆ)
_9261630
245 _aSasyashastra Pravesha
_bಸಸ್ಯಶಾಸ್ತ್ರ ಪ್ರವೇಶ
260 _aDharavada
_bKarnataka Vishvavidyalaya
_c1972
300 _avi,392
650 _aSasyashastra
_9261631
650 _aPravesha
_9261632
690 _aBotany
_9261633
700 _aRAV (M S S).
_dರಾವ್ (ಎಂ ಎಸ್ ಎಸ್)
_9261634
906 _a034439
942 _2ddc
_cBK
999 _c85061
_d85061